[Event "Sparkassen-Open B"]
[Site "Heusenstamm, Martinsee"]
[Date "2019.11.23"]
[Round "5.38"]
[White "Baumann, Ralf-Rüdiger"]
[Black "Winter, Thomas"]
[Result "1-0"]
[WhiteElo "1600"]
[BlackElo "1434"]
[PlyCount "105"]
[EventDate "2019.??.??"]
[WhiteTeam "SVG Konstanz"]
[BlackTeam "SV Oberursel"]

1. e4 e5 2. Nf3 Nf6 3. Nxe5 d6 4. Nf3 Nxe4 5. Nc3 Nxc3 6. dxc3 Be7 7. Be3 O-O
8. Qd2 b6 9. O-O-O Bb7 10. Be2 Nc6 11. h4 a5 12. g4 Ne5 13. Rh3 a4 14. Nd4 Qd7
15. Nf5 Rfe8 16. Rg1 Bf8 17. f4 Nc6 18. Bd3 Ba6 19. g5 Bxd3 20. Qxd3 g6 21.
Rgh1 Qxf5 22. Qc4 Qd7 23. h5 d5 24. Qd3 Bc5 25. Bxc5 bxc5 26. hxg6 fxg6 27.
Rxh7 Qf5 28. Qd2 Ne7 29. Qh2 Qe4 30. Qf2 Nf5 31. Rxc7 Qe3+ 32. Qxe3 Nxe3 33.
Rhh7 Nf5 34. Rhd7 Re1+ 35. Kd2 Rae8 36. Rxd5 R8e2+ 37. Kd3 Rd1+ 38. Kxe2 Rxd5
39. Ra7 Ng3+ 40. Kf3 Nh5 41. Rxa4 Rd2 42. Ra8+ Kh7 43. a4 Rxc2 44. Rb8 Rc1 45.
a5 Rf1+ 46. Ke2 Rxf4 47. a6 Ra4 48. Rb7+ Ng7 49. a7 c4 50. Ke3 Ra5 51. Kd4 Ra4
52. Kc5 Ra5+ 53. Kxc4 1-0

[Event "Sparkassen-Open B"]
[Site "Heusenstamm, Martinsee"]
[Date "2019.11.23"]
[Round "5.39"]
[White "Richter, Johannes"]
[Black "Ramien, Hannah"]
[Result "1/2-1/2"]
[WhiteElo "1348"]
[BlackElo "1429"]
[PlyCount "73"]
[EventDate "2019.??.??"]
[WhiteTeam "Berkershm"]
[BlackTeam "SG Porz"]

1. Nf3 d5 2. c4 e6 3. d4 c5 4. e3 Nf6 5. Nc3 Nc6 6. Bd3 Bd6 7. O-O O-O 8. b3 b6
9. Bb2 Bb7 10. Re1 Re8 11. cxd5 exd5 12. Rc1 cxd4 13. exd4 Bf4 14. Rb1 Rxe1+
15. Qxe1 Qe8 16. Ne2 Bd6 17. a3 Qe7 18. b4 Re8 19. Bc1 Ne4 20. Be3 f5 21. Rc1
a6 22. b5 axb5 23. Bxb5 Rc8 24. a4 Nb4 25. Rxc8+ Bxc8 26. Qc1 Bb7 27. Nd2 Nxd2
28. Qxd2 Qc7 29. Bf4 Bxf4 30. Nxf4 Bc6 31. g3 Qd6 32. Qe2 g6 33. Qe6+ Qxe6 34.
Nxe6 Bxb5 35. axb5 Nc2 36. Nc7 Nxd4 37. Nxd5 1/2-1/2

[Event "Sparkassen-Open B"]
[Site "Heusenstamm, Martinsee"]
[Date "2019.11.23"]
[Round "5.40"]
[White "Welther, Patrick"]
[Black "Laufer, Maximilian"]
[Result "0-1"]
[WhiteElo "1586"]
[BlackElo "1374"]
[PlyCount "70"]
[EventDate "2019.??.??"]
[WhiteTeam "SC Gelnhausen"]
[BlackTeam "MS Halver-Schalksmühle"]

1. Nf3 d5 2. c4 c6 3. cxd5 cxd5 4. g3 Nf6 5. Bg2 Bf5 6. Qb3 Qc7 7. Nc3 e6 8. d3
Be7 9. Bf4 Qd8 10. Qxb7 Nbd7 11. Bc7 Qc8 12. Qxc8+ Rxc8 13. Bf4 O-O 14. Nh4 Bg6
15. Nxg6 hxg6 16. a3 Nc5 17. O-O Nb3 18. Rad1 Nd7 19. e4 d4 20. Nb5 e5 21. Nxa7
Rc7 22. Nb5 Rb7 23. a4 exf4 24. e5 Rb6 25. gxf4 Ndc5 26. Bd5 Rd8 27. Bc4 Ra8
28. e6 fxe6 29. Nc7 Rxa4 30. Rfe1 Kf7 31. Nxe6 Rxc4 32. dxc4 Rxe6 33. Rxe6 Nxe6
34. Rd3 Nec5 35. Rd1 Bd6 0-1

[Event "Sparkassen-Open B"]
[Site "Heusenstamm, Martinsee"]
[Date "2019.11.23"]
[Round "5.41"]
[White "Mensendiek, Theodor"]
[Black "Fuchs, Henrik"]
[Result "1-0"]
[WhiteElo "1577"]
[BlackElo "1348"]
[PlyCount "39"]
[EventDate "2019.??.??"]
[WhiteTeam "SF Heusenstamm"]
[BlackTeam "SC Bad Soden"]

1. e4 e5 2. Nf3 Nc6 3. Nc3 Nf6 4. Bc4 Nxe4 5. Nxe4 d5 6. Bxd5 Qxd5 7. d3 Bb4+
8. Bd2 Bg4 9. Bxb4 Nxb4 10. a3 Bxf3 11. gxf3 Nc6 12. Rg1 Rg8 13. Nf6+ gxf6 14.
Rxg8+ Ke7 15. Rxa8 Nd4 16. Kd2 Nxf3+ 17. Kc1 e4 18. Rg8 c5 19. dxe4 Qxe4 20.
Qd8+ 1-0

[Event "Sparkassen-Open B"]
[Site "Heusenstamm, Martinsee"]
[Date "2019.11.23"]
[Round "5.42"]
[White "de Boer, Alex"]
[Black "Emrich, Franz"]
[Result "1/2-1/2"]
[WhiteElo "1094"]
[BlackElo "1572"]
[PlyCount "74"]
[EventDate "2019.??.??"]
[WhiteTeam "SK Bickenbach"]
[BlackTeam "SC Lambsheim"]

1. e4 e6 2. d4 d5 3. exd5 exd5 4. Nf3 Nf6 5. Bg5 Be7 6. c4 Be6 7. Nc3 c6 8.
cxd5 Nxd5 9. Bxe7 Qxe7 10. Be2 O-O 11. O-O Nf6 12. Re1 Qd8 13. Qc2 Nbd7 14. Bd3
h6 15. Ne5 Re8 16. Nc4 Nf8 17. Rad1 Qc7 18. b3 Ng4 19. Ne5 Nxe5 20. dxe5 Rad8
21. Nb5 Qb6 22. Nd6 Re7 23. Nc4 Qc7 24. Nd6 Red7 25. Qe2 Qa5 26. Rd2 a6 27.
Red1 Qc7 28. Kh1 Kh8 29. Qf3 b5 30. Bf5 Kg8 31. Qf4 Qa5 32. Qf3 Bxf5 33. Qxf5
Ne6 34. h3 Qc7 35. Qg4 Kf8 36. Qh5 Kg8 37. Qg4 Kf8 1/2-1/2

[Event "Sparkassen-Open B"]
[Site "Heusenstamm, Martinsee"]
[Date "2019.11.23"]
[Round "5.43"]
[White "Krasowitzki, Jan"]
[Black "Pidgora, Andrejs"]
[Result "0-1"]
[WhiteElo "1173"]
[BlackElo "1546"]
[PlyCount "64"]
[EventDate "2019.??.??"]
[WhiteTeam "VSG Offenbach"]
[BlackTeam "Riga Chess School"]

1. d4 d5 2. c4 e6 3. Nc3 Nf6 4. Bg5 c6 5. e4 dxe4 6. Nxe4 Bb4+ 7. Nd2 Qxd4 8.
a3 Ne4 9. Qe2 Bxd2+ 10. Bxd2 Qxb2 11. Rc1 Qxd2+ 12. Qxd2 Nxd2 13. Kxd2 O-O 14.
Bd3 Nd7 15. Nf3 Nc5 16. Bc2 Rd8+ 17. Ke2 e5 18. Rhd1 Bg4 19. h3 Bh5 20. g4 Bg6
21. Bxg6 hxg6 22. Nxe5 Re8 23. f4 f6 24. Rc2 fxe5 25. fxe5 Rxe5+ 26. Kf2 Rf8+
27. Kg2 Rfe8 28. Rcd2 Re2+ 29. Rxe2 Rxe2+ 30. Kf3 Ra2 31. Rd8+ Kf7 32. Kf4 Ne6+
0-1

[Event "Sparkassen-Open B"]
[Site "Heusenstamm, Martinsee"]
[Date "2019.11.23"]
[Round "5.44"]
[White "Schmid, Leon"]
[Black "Solovej, Philip"]
[Result "1-0"]
[WhiteElo "1546"]
[BlackElo "1245"]
[PlyCount "51"]
[EventDate "2019.??.??"]
[WhiteTeam "SF Heidesheim"]
[BlackTeam "SK Gründau"]

1. d4 d5 2. Bf4 Nf6 3. e3 Bf5 4. Bd3 Bxd3 5. cxd3 e6 6. Nc3 Bd6 7. Bxd6 Qxd6 8.
Nge2 Nc6 9. O-O O-O 10. Rc1 a6 11. a3 Rad8 12. Qc2 Ng4 13. g3 e5 14. dxe5 Qh6
15. h4 g5 16. Kg2 gxh4 17. Rh1 Ncxe5 18. Rxh4 Qg6 19. Nf4 Qg7 20. d4 Nc4 21.
Ncxd5 b5 22. Rch1 h6 23. Qe2 Rfe8 24. Rxg4 Qxg4 25. Qxg4+ Kf8 26. Rxh6 1-0

[Event "Sparkassen-Open B"]
[Site "Heusenstamm, Martinsee"]
[Date "2019.11.23"]
[Round "5.45"]
[White "Jansen, Malte"]
[Black "Dehmel, Manfred"]
[Result "0-1"]
[WhiteElo "790"]
[BlackElo "1545"]
[PlyCount "78"]
[EventDate "2019.??.??"]
[WhiteTeam "SC Herborn"]
[BlackTeam "SC Königsspringer Alzenau"]

1. e4 c5 2. Nf3 d6 3. Bc4 h6 4. c3 Nc6 5. d3 e5 6. O-O Nf6 7. Be3 a6 8. a4 Na5
9. Ba2 Bd7 10. Nbd2 Be7 11. b4 cxb4 12. cxb4 Nc6 13. b5 axb5 14. axb5 Nb4 15.
Qb3 Nxa2 16. Rxa2 Rxa2 17. Qxa2 Bxb5 18. Qb3 Bc6 19. Nc4 O-O 20. Rc1 Nh7 21.
Bb6 Qd7 22. h4 g5 23. h5 Nf6 24. Ne3 Nxh5 25. Nf5 Qe6 26. Qd1 Ng7 27. g4 Nxf5
28. gxf5 Qf6 29. Nh2 Qh8 30. Qh5 f6 31. Ng4 Be8 32. Qh3 h5 33. Ne3 Bc6 34. f3
Ra8 35. Bc7 Ra3 36. Rd1 Rc3 37. Qh1 h4 38. Nc4 Qh5 39. Rd2 Rc1+ 0-1

[Event "Sparkassen-Open B"]
[Site "Heusenstamm, Martinsee"]
[Date "2019.11.23"]
[Round "5.46"]
[White "Goodwin, David"]
[Black "Bakó, Isabella"]
[Result "1-0"]
[WhiteElo "1541"]
[BlackElo "1177"]
[PlyCount "77"]
[EventDate "2019.??.??"]
[WhiteTeam "SV Kelsterbach"]
[BlackTeam "TSV Langenau"]

1. Nf3 d5 2. g3 Nc6 3. Bg2 Nf6 4. d3 e5 5. Nbd2 Bc5 6. O-O O-O 7. c4 dxc4 8.
Nxc4 Re8 9. a3 a6 10. b4 Ba7 11. Bb2 Nd7 12. Qc2 b5 13. Ncxe5 Ncxe5 14. Nxe5
Rb8 15. Nc6 Qg5 16. Nxb8 Bxb8 17. Bc1 Qe5 18. Be3 Nf6 19. d4 Qe6 20. Rfe1 Rd8
21. Rac1 Ng4 22. Qe4 Qxe4 23. Bxe4 Re8 24. Bc6 Re6 25. Bf4 Ba7 26. e3 Re7 27.
h3 Nf6 28. Bg5 Bxh3 29. Bg2 Bxg2 30. Kxg2 Bb6 31. Bxf6 gxf6 32. Red1 Re6 33.
Rc2 Kg7 34. Rdc1 Re7 35. Rc6 a5 36. d5 Rd7 37. Rd1 Kg6 38. d6 cxd6 39. Rxb6 1-0

[Event "Sparkassen-Open B"]
[Site "Heusenstamm, Martinsee"]
[Date "2019.11.23"]
[Round "5.47"]
[White "Fischer, Juliane"]
[Black "Burow, Roger"]
[Result "1/2-1/2"]
[WhiteElo "1369"]
[BlackElo "1670"]
[PlyCount "75"]
[EventDate "2019.??.??"]
[WhiteTeam "SK Gernsheim"]
[BlackTeam "SV Kelsterbach"]

1. e4 e5 2. Nf3 Nc6 3. Nc3 Nf6 4. a3 Bc5 5. Nxe5 Bxf2+ 6. Kxf2 Nxe5 7. d4 Neg4+
8. Kg1 d6 9. h3 Nh6 10. Be2 c6 11. Bg5 Bd7 12. e5 dxe5 13. dxe5 Qb6+ 14. Kh2
Qc5 15. exf6 Qe5+ 16. g3 Qxg5 17. Ne4 Qe3 18. Nd6+ Kd8 19. Rg1 Kc7 20. fxg7
Rhd8 21. Nc4 Qe6 22. Qf1 Re8 23. Re1 Rad8 24. Bd3 Qxe1 25. Qxe1 Rxe1 26. Rxe1
Be6 27. Re4 Rg8 28. Rh4 Nf5 29. Rf4 Nxg7 30. h4 Nh5 31. Rf3 h6 32. Nd2 Kd8 33.
Bc4 Ke7 34. Bxe6 fxe6 35. Ne4 b6 36. Kh3 Ng7 37. g4 Rd8 38. Kg2 1/2-1/2

[Event "Sparkassen-Open B"]
[Site "Heusenstamm, Martinsee"]
[Date "2019.11.23"]
[Round "5.48"]
[White "Andrianarison, Ny Koloina"]
[Black "Piepenhagen, Eric"]
[Result "0-1"]
[WhiteElo "1398"]
[BlackElo "1581"]
[PlyCount "118"]
[EventDate "2019.??.??"]
[WhiteTeam "ESV Gera"]
[BlackTeam "SG Rödermark"]

1. e4 d5 2. exd5 Qxd5 3. Nc3 Qa5 4. d4 c6 5. Nf3 Nf6 6. Bd2 Qc7 7. Bd3 Bg4 8.
h3 Bh5 9. O-O e6 10. Re1 Be7 11. Be2 Nbd7 12. Ne5 Nxe5 13. Bxh5 Nc4 14. Be2
Nxd2 15. Qxd2 Rd8 16. Qe3 O-O 17. Rad1 Bb4 18. a3 Ba5 19. b4 Bb6 20. Ne4 Nd5
21. Qg3 Qxg3 22. Nxg3 Nc3 23. Rd3 Nxe2+ 24. Nxe2 Rd7 25. Red1 Rfd8 26. a4 a5
27. bxa5 Bxa5 28. Nc1 Bb6 29. Nb3 Ra8 30. Ra1 Rad8 31. Rad1 Ra8 32. Nc5 Bxc5
33. dxc5 Rxd3 34. Rxd3 Kf8 35. Rd7 Rxa4 36. Rxb7 Rc4 37. Rb2 Rxc5 38. Kf1 Ke7
39. Ke1 f5 40. Kd2 Rd5+ 41. Ke3 g5 42. Kf3 Rb5 43. Ra2 Rc5 44. g3 h5 45. Ke2
Kd6 46. f3 Rc3 47. g4 hxg4 48. hxg4 fxg4 49. fxg4 Rc4 50. Kf3 Rf4+ 51. Kg3 Kd5
52. Ra3 Rc4 53. Rd3+ Ke4 54. Rd6 Rc3+ 55. Kf2 Rxc2+ 56. Ke1 Ke5 57. Rd8 Kf4 58.
Rd6 e5 59. Re6 Rc5 0-1

[Event "Sparkassen-Open B"]
[Site "Heusenstamm, Martinsee"]
[Date "2019.11.23"]
[Round "5.49"]
[White "Englert, Lin"]
[Black "Jelinek, Stefan"]
[Result "1-0"]
[WhiteElo "1498"]
[BlackElo "1457"]
[PlyCount "75"]
[EventDate "2019.??.??"]
[WhiteTeam "TV-Großostheim"]
[BlackTeam "SC Kahl"]

1. d4 d5 2. c4 Bf5 3. Nc3 e6 4. cxd5 exd5 5. Bf4 Bb4 6. e3 Nf6 7. a3 Ba5 8. b4
Bb6 9. Nf3 a5 10. Be2 Nbd7 11. O-O c6 12. Bd3 Bg6 13. Bxg6 hxg6 14. Na4 Bc7 15.
Bxc7 Qxc7 16. g3 Ne4 17. Nd2 b5 18. Nxe4 dxe4 19. Nc5 f5 20. Nxd7 Qxd7 21. Qc2
Kf7 22. Qb3+ Ke7 23. bxa5 Rxa5 24. Qb4+ Kf6 25. Qxa5 g5 26. Qc3 Kg6 27. Rac1
Rc8 28. Qb4 f4 29. exf4 gxf4 30. Qb1 Qf5 31. f3 Re8 32. Rxc6+ Kh7 33. fxe4 Qd7
34. e5+ Kh8 35. Rd6 Qb7 36. Rxf4 g5 37. Rh6+ Kg8 38. Qg6+ 1-0

[Event "Sparkassen-Open B"]
[Site "Heusenstamm, Martinsee"]
[Date "2019.11.23"]
[Round "5.50"]
[White "Trenz, Finn"]
[Black "Wöhl, Torsten"]
[Result "1/2-1/2"]
[WhiteElo "1358"]
[BlackElo "1522"]
[PlyCount "32"]
[EventDate "2019.??.??"]
[WhiteTeam "SK Gau-Algesheim"]
[BlackTeam "SC Groß-Zimmern"]

1. e4 e6 2. d4 d5 3. exd5 exd5 4. Nc3 Nf6 5. Bg5 Be7 6. Nf3 O-O 7. Bd3 Nbd7 8.
O-O h6 9. Bh4 c5 10. Ne2 cxd4 11. Nexd4 Nc5 12. Nf5 Nxd3 13. Nxe7+ Qxe7 14.
Qxd3 Bg4 15. h3 Bh5 16. Bxf6 Qxf6 1/2-1/2

[Event "Sparkassen-Open B"]
[Site "Heusenstamm, Martinsee"]
[Date "2019.11.23"]
[Round "5.51"]
[White "Kuchta, Maksim"]
[Black "Hüttinger, Siegfried"]
[Result "1-0"]
[WhiteElo "1308"]
[BlackElo "1510"]
[PlyCount "70"]
[EventDate "2019.??.??"]
[WhiteTeam "SC Heusenstamm"]
[BlackTeam "SC Königsspringer Alzenau"]

1. e4 c5 2. Nf3 Nc6 3. d4 cxd4 4. Nxd4 g6 5. Be3 Bg7 6. f3 Qb6 7. Nf5 Qxb2 8.
Nxg7+ Qxg7 9. Nd2 Qc3 10. Bd3 Nb4 11. Ke2 Nxd3 12. cxd3 b6 13. Nb3 Qb2+ 14. Kf1
e5 15. d4 Ba6+ 16. Kg1 f6 17. dxe5 fxe5 18. Qd5 Rc8 19. Bc1 Qc3 20. Bd2 Ne7 21.
Bxc3 Nxd5 22. Bxe5 Rc2 23. exd5 Rf8 24. h3 h5 25. Kh2 Bc4 26. Rac1 Rxc1 27.
Rxc1 Bxd5 28. Rc8+ Kf7 29. Rxf8+ Kxf8 30. Kg3 Ke7 31. Kf4 d6 32. Bd4 Kf7 33.
Nc1 Bc4 34. g3 Bf1 35. h4 Bd3 1-0

[Event "Sparkassen-Open B"]
[Site "Heusenstamm, Martinsee"]
[Date "2019.11.23"]
[Round "5.52"]
[White "Bosse, Christian"]
[Black "Ziegler, Christopher"]
[Result "0-1"]
[WhiteElo "1507"]
[BlackElo "1408"]
[PlyCount "94"]
[EventDate "2019.??.??"]
[WhiteTeam "SF Nordost Berlin"]
[BlackTeam "SV Kelsterbach"]

1. g3 e5 2. d3 d5 3. Nf3 Bd6 4. Bg2 f5 5. e3 c5 6. c3 Nf6 7. O-O Nc6 8. Na3 a6
9. Nc2 Qc7 10. Qe2 O-O 11. a3 e4 12. Nfe1 Be6 13. b4 b6 14. Bb2 c4 15. dxc4
dxc4 16. Rd1 Ne5 17. Nd4 Bd7 18. Bh3 g6 19. Bg2 Nd3 20. Nxd3 exd3 21. Qd2 Ne4
22. Qe1 Rae8 23. Rb1 Be5 24. Bxe4 fxe4 25. Kg2 Qc8 26. Rg1 Bh3+ 27. Kh1 Qd7 28.
Rd1 Qf7 29. f4 exf3 30. Qf2 Bg2+ 31. Rxg2 fxg2+ 32. Qxg2 Qf2 33. Bc1 Qxg2+ 34.
Kxg2 Bxd4 35. cxd4 Rf7 36. Rf1 Rxf1 37. Kxf1 Kf7 38. Kf2 Ke6 39. e4 c3 40. Bf4
Rc8 41. d5+ Kd7 42. e5 d2 43. e6+ Ke8 44. Ke2 c2 45. Bxd2 c1=Q 46. Bxc1 Rxc1
47. d6 Rc3 0-1

[Event "Sparkassen-Open B"]
[Site "Heusenstamm, Martinsee"]
[Date "2019.11.23"]
[Round "5.53"]
[White "Gärtner, Johannes"]
[Black "Scheerer, Julian"]
[Result "0-1"]
[WhiteElo "1344"]
[BlackElo "1483"]
[PlyCount "118"]
[EventDate "2019.??.??"]
[WhiteTeam "SF Heidesheim"]
[BlackTeam "SV Ffm-Griesheim"]

1. d4 d5 2. c4 e6 3. Nc3 Nf6 4. Nf3 Be7 5. e3 O-O 6. Be2 dxc4 7. Bxc4 b6 8. O-O
Bb7 9. a3 Nbd7 10. b4 c6 11. Re1 Nd5 12. Bb2 Rc8 13. Rc1 N7f6 14. Qe2 Nxc3 15.
Bxc3 Ne4 16. Red1 Qc7 17. Bd3 c5 18. Bxe4 Bxe4 19. bxc5 bxc5 20. dxc5 Bxf3 21.
Qxf3 Qxc5 22. Bb2 Qb5 23. Rb1 Rb8 24. Qg4 g6 25. Qd4 f6 26. Qc3 Rfc8 27. Qd3
Qxd3 28. Rxd3 Rc2 29. Rd7 Rcxb2 30. Rbd1 Rb1 31. g3 Rxd1+ 32. Rxd1 Bxa3 33. Rd7
Ra8 34. Rd3 Bb4 35. Rd4 a5 36. f4 Kf7 37. Kf2 Ke7 38. e4 Rd8 39. Rc4 Kd7 40.
Rd4+ Kc7 41. Rc4+ Kb6 42. Ke3 Rd7 43. h4 Kb5 44. Rc2 a4 45. Ra2 a3 46. g4 Rd2
47. Ra1 a2 48. f5 exf5 49. exf5 gxf5 50. gxf5 Bc3 51. Rc1 Rd7 52. Rxc3 a1=Q 53.
Rb3+ Kc4 54. Rb8 Qd4+ 55. Kf3 Re7 56. Rc8+ Kd3 57. Rc1 Qe3+ 58. Kg4 Re4+ 59.
Kh5 Rxh4+ 0-1

[Event "Sparkassen-Open B"]
[Site "Heusenstamm, Martinsee"]
[Date "2019.11.23"]
[Round "5.54"]
[White "Kuran, Rainer"]
[Black "Kosak, Karolina"]
[Result "0-1"]
[WhiteElo "1464"]
[BlackElo "1207"]
[PlyCount "98"]
[EventDate "2019.??.??"]
[WhiteTeam "Karlsruher SF"]
[BlackTeam "SV Frankfurt Nord"]

1. e4 e5 2. Nf3 Nc6 3. Bb5 a6 4. Ba4 Nf6 5. d3 b5 6. Bb3 d6 7. c3 Be7 8. O-O
O-O 9. Bc2 Bb7 10. d4 Re8 11. Bg5 h6 12. Bh4 Rc8 13. Re1 Nh5 14. Bxe7 Rxe7 15.
d5 Na7 16. Nh4 Nf6 17. Nf5 Re8 18. Qd2 Qd7 19. Re3 Kh7 20. Nxg7 Kxg7 21. Rg3+
Kh7 22. Rh3 Ng8 23. Qe3 Ra8 24. Nd2 f6 25. Nf3 Qg4 26. Rh4 Qg6 27. h3 Bc8 28.
Kh2 Re7 29. g4 Rg7 30. Rg1 Qe8 31. g5 Bd7 32. gxf6 Rxg1 33. Kxg1 Qg6+ 34. Ng5+
Kh8 35. f7 Nf6 36. Kh2 Nh7 37. Ne6 Bxe6 38. Rxh6 Qg7 39. dxe6 Nc8 40. Rh4 Ne7
41. Bb3 Rf8 42. Rg4 Qf6 43. Qa7 c5 44. Kg2 c4 45. Bd1 Qxe6 46. Qxa6 Qxf7 47.
Qxd6 Qxf2+ 48. Kh1 Qf1+ 49. Rg1 Qxh3# 0-1

[Event "Sparkassen-Open B"]
[Site "Heusenstamm, Martinsee"]
[Date "2019.11.23"]
[Round "5.55"]
[White "Grünzig, Matthias"]
[Black "Laux, Filip"]
[Result "1/2-1/2"]
[WhiteElo "1457"]
[BlackElo "1129"]
[PlyCount "56"]
[EventDate "2019.??.??"]
[WhiteTeam "Berkershm"]
[BlackTeam "VSG Offenbach"]

1. d4 d5 2. Bf4 Nf6 3. e3 Bf5 4. Bd3 Bg6 5. Nf3 e6 6. Ne5 Bd6 7. Nxg6 hxg6 8.
Bxd6 Qxd6 9. h3 Nbd7 10. Nc3 Rc8 11. O-O c5 12. dxc5 Nxc5 13. Ne2 O-O 14. Ng3
Rfe8 15. Re1 b6 16. c3 e5 17. Bc2 Rcd8 18. e4 dxe4 19. Qxd6 Rxd6 20. Nxe4 Nfxe4
21. Bxe4 f6 22. Bc2 Kf7 23. Rad1 Red8 24. Rxd6 Rxd6 25. Rd1 Rxd1+ 26. Bxd1 Ke6
27. Bc2 f5 28. b4 Ne4 1/2-1/2

[Event "Sparkassen-Open B"]
[Site "Heusenstamm, Martinsee"]
[Date "2019.11.23"]
[Round "5.56"]
[White "Ghaznavi, Massoud"]
[Black "Barth, Horst"]
[Result "1-0"]
[WhiteElo "1562"]
[BlackElo "1270"]
[PlyCount "69"]
[EventDate "2019.??.??"]
[WhiteTeam "SV Oberursel"]
[BlackTeam "SF Mainz"]

1. e4 c5 2. Nf3 d6 3. d4 cxd4 4. Nxd4 Nf6 5. Nc3 e5 6. Nf3 Be7 7. Bd3 Nc6 8.
Be3 Be6 9. Ng5 Bg4 10. f3 Bh5 11. Nh3 O-O 12. Nf2 a6 13. a3 h6 14. Qd2 Kh7 15.
O-O g5 16. Ne2 Rg8 17. c3 Bxf3 18. gxf3 Rg7 19. Ng3 Qd7 20. Nf5 Rg6 21. Rad1
Rag8 22. Kh1 Bd8 23. Rg1 Ne8 24. Bf1 f6 25. Bh3 Qc7 26. Ng4 h5 27. Nf2 Na5 28.
Nxd6 Nxd6 29. Qxd6 Qxd6 30. Rxd6 Nc4 31. Rd7+ Kh6 32. Bc1 Bb6 33. Rf1 Na5 34.
Be6 Re8 35. Bf7 1-0

[Event "Sparkassen-Open B"]
[Site "Heusenstamm, Martinsee"]
[Date "2019.11.23"]
[Round "5.57"]
[White "Welker, Alexandra"]
[Black "Federenko, Ingo"]
[Result "1/2-1/2"]
[WhiteElo "1441"]
[BlackElo "1359"]
[PlyCount "54"]
[EventDate "2019.??.??"]
[WhiteTeam "TuS Makkabi"]
[BlackTeam "SC FK Babenhausen"]

1. e4 e5 2. Nf3 Nc6 3. Bc4 Nf6 4. d3 Be7 5. Nc3 O-O 6. O-O d6 7. h3 a6 8. a4 b6
9. Nd5 Bb7 10. Be3 Nxd5 11. Bxd5 Rb8 12. c3 Na7 13. b4 Bxd5 14. exd5 c6 15.
dxc6 Nxc6 16. b5 axb5 17. axb5 Na5 18. c4 Qc7 19. Nd2 Nb7 20. Nb3 Nc5 21. Nxc5
dxc5 22. f4 exf4 23. Bxf4 Bd6 24. Qf3 Bxf4 25. Qxf4 Qd7 26. Rad1 Rfd8 27. Rfe1
Qd4+ 1/2-1/2

[Event "Sparkassen-Open B"]
[Site "Heusenstamm, Martinsee"]
[Date "2019.11.23"]
[Round "5.58"]
[White "Bauer, Laura Sophie"]
[Black "Brunner, Andreas"]
[Result "0-1"]
[WhiteElo "1356"]
[BlackElo "1449"]
[PlyCount "122"]
[EventDate "2019.??.??"]
[WhiteTeam "SK Neumarkt"]
[BlackTeam "Berkershm"]

1. e4 e6 2. d4 d5 3. Nd2 Nc6 4. Ndf3 Nf6 5. e5 Nd7 6. Bd3 Nb4 7. Ne2 Nxd3+ 8.
Qxd3 Be7 9. O-O O-O 10. Ng3 c5 11. c3 b6 12. Re1 a5 13. Bf4 cxd4 14. cxd4 Ba6
15. Qe3 Re8 16. Rac1 Bb4 17. Red1 Be7 18. Bg5 Nf8 19. Bxe7 Qxe7 20. Rc2 Rac8
21. Rdc1 Rxc2 22. Rxc2 Rc8 23. Rxc8 Bxc8 24. a3 Qc7 25. Qd2 Ba6 26. h4 Qc4 27.
Qg5 h6 28. Qg4 Qc1+ 29. Kh2 Ng6 30. h5 Qf4 31. Kh3 Qxg4+ 32. Kxg4 Ne7 33. Nd2
Nc6 34. f4 Nxd4 35. f5 exf5+ 36. Nxf5 Bc8 37. Nf3 Nxf5 38. Kf4 Ne7 39. g4 Bb7
40. Nd4 Nc6 41. Nxc6 Bxc6 42. Ke3 Kf8 43. Kd4 Ke7 44. b3 f6 45. b4 Ke6 46. exf6
Kxf6 47. bxa5 bxa5 48. Ke3 Kg5 49. Kf3 a4 50. Kg3 d4 51. Kf2 Kxg4 52. Ke2 Bb5+
53. Kf2 Kxh5 54. Ke1 Kg4 55. Kf2 d3 56. Ke1 h5 57. Kd2 Kg3 58. Kd1 h4 59. Kd2
h3 60. Kd1 h2 61. Kd2 h1=Q 0-1

[Event "Sparkassen-Open B"]
[Site "Heusenstamm, Martinsee"]
[Date "2019.11.23"]
[Round "5.59"]
[White "Hahnenstein, Leon"]
[Black "Özyar, Arin"]
[Result "1-0"]
[WhiteElo "1449"]
[BlackElo "1345"]
[PlyCount "59"]
[EventDate "2019.??.??"]
[WhiteTeam "SC Herborn"]
[BlackTeam "SC Bad Soden"]

1. e4 e5 2. Nf3 Nc6 3. Bc4 Bc5 4. c3 Nf6 5. d3 d6 6. O-O Bg4 7. Be3 Bxe3 8.
fxe3 Qd7 9. Nbd2 O-O-O 10. b4 d5 11. exd5 Nxd5 12. Bxd5 Qxd5 13. d4 e4 14. h3
exf3 15. hxg4 fxg2 16. Rf5 Qe6 17. Qf3 Rhe8 18. Re1 Qxa2 19. Qxg2 Ne7 20. Ra5
Qe6 21. Rxa7 Qc6 22. Ne4 Ng6 23. Nc5 Qxg2+ 24. Kxg2 c6 25. Rea1 Re7 26. c4 Nf8
27. b5 cxb5 28. cxb5 Rxe3 29. Rxb7 Re2+ 30. Kf1 1-0

[Event "Sparkassen-Open B"]
[Site "Heusenstamm, Martinsee"]
[Date "2019.11.23"]
[Round "5.61"]
[White "Pichl, Johann"]
[Black "Laznik, Zeljko"]
[Result "1/2-1/2"]
[WhiteElo "1315"]
[BlackElo "1432"]
[PlyCount "131"]
[EventDate "2019.??.??"]
[WhiteTeam "SK Bad Homburg"]
[BlackTeam "SF Heusenstamm"]

1. d4 d5 2. Bf4 Bf5 3. Nf3 Nf6 4. h3 h6 5. e3 a6 6. Be2 e6 7. Nbd2 Bd6 8. Bxd6
Qxd6 9. c3 Nbd7 10. O-O h5 11. c4 c6 12. Nb3 Ne4 13. Nfd2 Ndf6 14. f3 Ng3 15.
Rf2 g5 16. Nf1 Nxf1 17. Rxf1 Qg3 18. Qe1 Qxe1 19. Rfxe1 g4 20. cxd5 exd5 21.
Kh2 gxh3 22. gxh3 O-O-O 23. Rg1 Rde8 24. e4 dxe4 25. fxe4 Bxe4 26. Raf1 Bg6 27.
Bxa6 bxa6 28. Rxf6 Re2+ 29. Rg2 Rxg2+ 30. Kxg2 Kc7 31. Kg3 Rd8 32. a3 Rd6 33.
Rxd6 Kxd6 34. h4 Kd5 35. Na5 c5 36. dxc5 Kxc5 37. Nb3+ Kb6 38. Kf4 a5 39. Ke5
a4 40. Nc1 Bc2 41. Kf6 Bg6 42. Ke5 Kc5 43. Kf4 Kd4 44. Kf3 Ke5 45. Na2 Be4+ 46.
Kg3 f5 47. Nc3 Bc6 48. Ne2 Bb5 49. Nf4 Be8 50. Nd3+ Ke4 51. Nc1 f4+ 52. Kf2 Bb5
53. b3 axb3 54. Nxb3 Bc6 55. Nc5+ Kf5 56. Nd3 Ba8 57. a4 Kg4 58. a5 Bb7 59. Nc5
Bd5 60. Nd3 f3 61. Ne5+ Kf4 62. Nd3+ Kg4 63. Nc5 Bc4 64. Ne4 Ba6 65. Nf6+ Kxh4
66. Nxh5 1/2-1/2

[Event "Sparkassen-Open B"]
[Site "Heusenstamm, Martinsee"]
[Date "2019.11.23"]
[Round "5.62"]
[White "Sarbu, Marc Constantin"]
[Black "Häfner, Günther"]
[Result "1/2-1/2"]
[WhiteElo "1421"]
[BlackElo "1323"]
[PlyCount "63"]
[EventDate "2019.??.??"]
[WhiteTeam "SC Saarlouis"]
[BlackTeam "Berkershm"]

1. e4 d5 2. exd5 Qxd5 3. Nc3 Qa5 4. d4 c6 5. Bc4 Bf5 6. Qh5 Nf6 7. Qxf7+ Kd8 8.
Bd2 Qc7 9. Nf3 g6 10. Bd3 e6 11. Qxc7+ Kxc7 12. Bxf5 exf5 13. Bf4+ Bd6 14. Be5
Nbd7 15. O-O-O Rhe8 16. Rhe1 Ng4 17. Bxd6+ Kxd6 18. Rxe8 Rxe8 19. Rd2 Ndf6 20.
h3 Nh6 21. d5 cxd5 22. Nxd5 Nxd5 23. c4 Kc5 24. cxd5 Nf7 25. Kc2 Nd6 26. Nd4
Re5 27. Ne6+ Kb6 28. b4 a6 29. g4 Re4 30. Rd4 Re2+ 31. Rd2 Re4 32. Rd4 1/2-1/2

[Event "Sparkassen-Open B"]
[Site "Heusenstamm, Martinsee"]
[Date "2019.11.23"]
[Round "5.63"]
[White "Bakó, Evelin"]
[Black "Benz, Jürgen"]
[Result "0-1"]
[WhiteElo "1240"]
[BlackElo "1402"]
[PlyCount "67"]
[EventDate "2019.??.??"]
[WhiteTeam "TSV Langenau"]
[BlackTeam "SK Bad Homburg"]

1. e4 c5 2. Nf3 Nc6 3. d4 cxd4 4. Nxd4 e5 5. Nf5 g6 6. Nd6+ Bxd6 7. Qxd6 Qf6 8.
Qd1 a6 9. Nc3 Nge7 10. Bh6 Nd4 11. Qd3 g5 12. Bxg5 Qxg5 13. h4 Qg6 14. O-O-O
Qc6 15. g3 d6 16. f4 f5 17. Re1 fxe4 18. Nxe4 Rf8 19. Bg2 Qc7 20. Ng5 Bf5 21.
Be4 O-O-O 22. Bxf5+ Nexf5 23. c3 h6 24. Kb1 hxg5 25. cxd4 Nxd4 26. fxe5 dxe5
27. hxg5 Kb8 28. Qe4 Nf3 29. Rd1 Nd2+ 30. Rxd2 Rxd2 31. Qb4 Rdf2 32. g6 Rf1+
33. Qe1 Rxe1+ 34. Rxe1 0-1

[Event "Sparkassen-Open B"]
[Site "Heusenstamm, Martinsee"]
[Date "2019.11.23"]
[Round "5.64"]
[White "Peschk, Kathrin"]
[Black "Moissl, Julian"]
[Result "1-0"]
[WhiteElo "1411"]
[BlackElo "915"]
[PlyCount "55"]
[EventDate "2019.??.??"]
[WhiteTeam "SV Groß-Gerau"]
[BlackTeam "SK Bad Homburg"]

1. e4 e5 2. Nf3 Nc6 3. Bc4 Bc5 4. c3 Nf6 5. d4 Bd6 6. Nbd2 O-O 7. O-O b6 8. Re1
Bb7 9. b4 Re8 10. Qb3 Qe7 11. d5 Nd8 12. Bd3 c6 13. Bc4 b5 14. dxc6 Bxc6 15.
Bd3 Ne6 16. Rb1 Rac8 17. c4 bxc4 18. Bxc4 Rb8 19. a3 Bb5 20. Bb2 Bxc4 21. Nxc4
Nc7 22. Bxe5 Bxe5 23. Ncxe5 Rb6 24. Rbc1 d6 25. Nc4 Rb5 26. Nd4 Rb7 27. Nf5 Qd7
28. Nfxd6 1-0